000
00332nam a2200145Ia 4500
100
_a
Huelsman/Laurence P
650
_a
Filter design
942
_c
BK
245
_a
Active and passive analog filter design
260
_b
McGraw Hill
_c
1993
082
_a
621.381 5324
_b
HUE
300
_a
480
546
_a
ENGLISH
_c
TTL
999
_c
18538
_d
18538